00554cam a22001811 4500001001300000003000400013005001700017008004100034010001700075035001900092040001900111042001200130050001500142245009000157260004300247300004800290651003400338rc 01000931 DLC20260227111902.0780308s1858 xx 000 0 eng  arc 01000931  a(OCoLC)3697506 aDLCcIaGGdDLC apremarc00aF621b.N8600aNorthern Iowa: containing hints and information of value to emigrants.cBy a pioneer. aDubuque,bW. A. Adams, printer,c1858. a39 p.bfront. (fold map) illus.c22 1/2 cm. 0aIowaxDescription and travel.